• 首页
  • 本馆介绍
  • 公告通知
  • 最新文献
  • 馆藏检索
  • 电子资源
  • 读者导购
  • 参考咨询
  • 我的图书馆
  • 登录
  • 详细信息显示
  • 放入我的书架
  • 预约/预借图书
  • 作者相关作品
  • 分类相关作品
  • 丛书相关作品
  • 出版社相关作品

书目信息

  • 表格格式
  • 工作单格式
  • 卡片格式
题名:
国学概论
    
 
作者: 钱穆 著
分册:  
出版信息: 北京   商务印书馆  1997
页数: 365页
开本: 20cm
丛书名:
单 册:
中图分类: Z126 , G319
科图分类: 98
主题词: 国学--概论 , 科学研究--工作
电子资源:
ISBN: 7-100-02199-5
000 00593nam0 2200241 45
001 2634483503
005 20260414093532.94
010    @a7-100-02199-5@d¥19.50
100    @a19980124d1997 em y0chiy0121 ea
101 0  @achi
102    @aCN@b110000
105    @ay z 000yy
200 10 @a国学概论@Aguo xue gai lun@f钱穆著
210    @a北京@c商务印书馆@d1997
215    @a365页@d20cm
606    @a国学@x概论
606 0  @a科学研究@x工作
690    @aZ126@v3
690    @aG319@v4
692    @a98@v2
701  0 @a钱穆@Aqian mu@4著
801  0 @aCN@bTSSF@c19980216
905    @aZUCC@dG319@e46
    
    国学概论/钱穆著.-北京:商务印书馆,1997
    365页;20cm
    
    
    ISBN 7-100-02199-5:¥19.50
    
●
相关链接 在E读中查询图书 在五车中查询图书 在当当中查询图书 在豆瓣中查询图书


正题名:国学概论     索取号:G319/46         预约/预借

序号 登录号 条形码 馆藏地/架位号 状态 备注
1 1442620   214426209   第一样本阅览室/ [索取号:G319/46] 在馆    
唐山师范学院图书馆 欢迎您!
大连网信软件有限公司© 版权所有